LEADER 01208nam a2200265 i 4500 001 000000074009 003 CaOOAMICUS 005 20260427093713.0 008 070403s1909 it u000 u ita u 013 $a45181 040 $aSeMil$bita 100 1 $aGentile, Giovanni,$d<1875-1944>.$0(OLS)http://semarc/name/1189 245 13$aIl modernismo e i rapporti fra religione e filosofia /$cGiovanni Gentile. 260 $aBari :$bLaterza & Figli,$c1909. 300 $aVIII, 289 p. ;$c21 cm. 490 0 $aBiblioteca di cultura moderna ;$v35 650 4$aFilosofia neoscolastica.$0(OLS)http://semarc/subject/6346 650 24$aPio X - Encicliche . Pascendi Dominici gregis.$0(OLS)http://semarc/subject/708 650 4$aModernismo - Filosofia.$0(OLS)http://semarc/subject/15577 830 0$aBiblioteca di cultura moderna ;$v35.$0(OLS)http://semarc/title/639 850 $aSeMil 852 $aSeMil$W1$xVenegono$y1$m2G III 65$j270971$B40161$CSeMilBibl$Z2$F40165 $81 996 $6245$aIl modernismo e i rapporti fra religione e filosofia$9(OLS)http://semarc/title/123568 996 $6260$aBari :$bLaterza & Figli$9(OLS)http://semarc/publisher/29663